[Event "WchT Seniors 65"]
[Site "Rhodes"]
[Date "2019.04.22"]
[Round "7.11"]
[White "Carlile, Orison"]
[Black "Steedman, James"]
[Result "1/2-1/2"]
[WhiteElo "2037"]
[BlackElo "2127"]
[PlyCount "51"]
[EventDate "2019.04.16"]
[EventType "team-swiss"]
[EventRounds "9"]
[EventCountry "GRE"]
[SourceTitle "CBM 190 Extra"]
[Source "ChessBase"]
[SourceDate "2019.07.15"]
[SourceVersion "1"]
[SourceVersionDate "2019.07.15"]
[SourceQuality "1"]
[WhiteTeam "Ireland II"]
[BlackTeam "Norway"]
[WhiteTeamCountry "IRL"]
[BlackTeamCountry "NOR"]

1. e4 c5 2. a3 g6 3. d4 cxd4 4. c3 dxc3 5. Nxc3 Bg7 6. Nf3 Nc6 7. Bc4 d6 8. Qb3 e6 9. Bf4 a6 10. Rd1 Na5 11. Qb4 Nxc4 12. Qxc4 Bd7 13. Bxd6 Ne7 14. 0-0 0-0 15. Qb4 Re8 16. Qxb7 Qc8 17. Qxc8 Raxc8 18. Be5 Bb5 19. Nxb5 axb5 20. Bxg7 Kxg7 21. Nd4 b4 22. axb4 Rc4 23. b5 e5 24. Nc6 Nxc6 25. bxc6 Rxc6 26. Rc1 1/2-1/2